000 00495nam a22001097a 4500
100 _aThomas, K.U.
245 _aPolyacrylamide gel electrophoresis (PAGE)
260 _bIn: Recent Advances in Molecular Biology and Biotechnology: DBT Skill Vigyan State Partnership Programme Faculty Training 2024. (Comp. C. Bindu Roy). 6-19 March 2024, Rubber Research Institute of India, Kottayam, India, pp. 165-169. Lab Manual
650 _aGlass plates preparation
700 _aRavindran, M.
942 _cAR
999 _c75466
_d75466